00338nam a2200121 a 4500008004100000050002100041100001900062245002100081246006000102260002900162300001600191350000900207120416s1981 ||||||||||||||||| || u aPR 9354.2.A8 Feb aFebruary, V. A10aMind your colour athe ""coloured"" stereotype in South African literature aLondonbKegan Paulc1981 aviii, 248p. a0.00